书目信息 |
| 题名: |
房地产典型案例评析
|
|
| 作者: | 张宏斌 编著 | |
| 分册: | ||
| 出版信息: | 北京 中国民主法制出版社 2008.04 |
|
| 页数: | 517页 | |
| 开本: | 21cm | |
| 丛书名: | ||
| 单 册: | ||
| 中图分类: | D922.181.5 | |
| 科图分类: | ||
| 主题词: | 法律--中国 | |
| 电子资源: | ||
| ISBN: | 7-80219-367-2 | |
| 000 | 00609nam0 2200193 450 | |
| 001 | 1558790007 | |
| 005 | 20151218162112.73 | |
| 010 | @a7-80219-367-2@dCNY30.00 | |
| 100 | @a20151218d2008 km y0chiy0120 ea | |
| 101 | 0 | @achi |
| 102 | @aCN@b110000 | |
| 200 | 1 | @a房地产典型案例评析@Afang di chan dian xing an li ping xi@f张宏斌编著@Fzhang hong bin bian zhu |
| 210 | @a北京@c中国民主法制出版社@d2008.04 | |
| 215 | @a517页@d21cm | |
| 606 | 0 | @a法律@x中国 |
| 690 | @aD922.181.5@v4 | |
| 701 | 0 | @a张宏斌@Azhang hong bin@4编著 |
| 801 | 0 | @aCN@b大连网信软件有限公司图书馆·11@c20151218 |
| 905 | @aZUCC@dD922.181.5@eZ110 | |
| 房地产典型案例评析/张宏斌编著.-北京:中国民主法制出版社,2008.04 |
| 517页;21cm |
| ISBN 7-80219-367-2:CNY30.00 |
| ● |
| 相关链接 |
|
|
|
正题名:房地产典型案例评析
索取号:D922.181.5/Z110
 
预约/预借
| 序号 | 登录号 | 条形码 | 馆藏地/架位号 | 状态 | 备注 |
| 1 | 1235177 | 212351774 | 法学院资料室/ [索取号:D922.181.5/Z110] | 在馆 |